Nach Personen benannte Flughäfen in Deutschland - Statistiken

Allgemein
  • Dieses Quiz wurde 112 mal gespielt
  • Das Durchschnittsergebnis liegt bei 6 aus 8
Antwortstatistiken
Hint Antwort % Korrekt
Franz Josef Strauß München
90%
Konrad Adenauer Köln/Bonn
86%
Helmut Schmidt Hamburg
80%
Willy Brandt Berlin Brandenburg
78%
Albrecht Dürer Nürnberg
69%
Heinz Nixdorf Paderborn/Lippstadt
56%
Manfred Rommel Stuttgart
52%
Hans Koschnik Bremen
49%
Keine übereinstimmenden Quizze gefunden
Verteilung der Resultate
Anzahl Personen mit jedem Resultat
Perzentil nach korrekt beantworteten Fragen
Ihre Resultats-Entwicklung
Sie haben dieses Quiz noch nicht gespielt